Fisiopatología. (Registro nro. 1226)

Detalles MARC
000 -LEADER
fixed length control field 01182nam a2200313 a 4500
005 - FECHA ULTIMA MODIFICACION
control field 20240516115959.0
008 - CAMPO DE CONTROL (LIBRO)
fixed length control field 100310s2010||||sp a f |||| 001 0 spa d
020 ## - INTERNATIONAL STANDARD BOOK NUMBER
ISBN 9788498352832
041 ## - CODIGO DE IDIOMA
Código de idioma del texto/pista de sonido o título separado spa
092 ## - SIGNATURA TOPOGRAFICA DEWEY LOCAL
número de clasificación 616.07
libristica 79
sección SIL
100 1# - ENTRADA PRINCIPAL--NOMBRE PERSONAL
Nombre personal Silbernagl, Stefan
9 (RLIN) 1947
245 ## - TITULO PROPIAMENTE DICHO
Título Fisiopatología.
Subtítulo y Título paralelo Texto y atlas /
Mención de responsabilidad y remanente de la transcripción de la portada Stefan Silbernagl
250 ## - MENCION DE EDICION
Mención de edición 3a ed. revisada y ampliada
Mención de responsabilidad relacionada con la ed. Traducción Liliana Anzando y Ariana Raina
260 ## - PIE DE IMPRENTA
Lugar de publicación, distribución, etc Madrid:
Nombre de la editorial, distribuidor, etc Editorial Médica Panamericana;
Fecha de publicación 2010.
300 ## - DESCRIPCION FISICA
Extension 427 p.
Otros detalles físicos il.
Material complementario Con 192 láminas en color realizadas por Rüdiger gay y Astried Rothenburger
500 ## - NOTA GENERAL
Nota general Silbernagl, S. y Lang, F. (2010). Fisiopatología. Texto y atlas. (3a ed.). Madrid : Editorial Médica Panamericana.
653 ## - TÉRMINO INDIZADO - PALABRAS CLAVES
Palabra clave Fundamentos
653 ## - TÉRMINO INDIZADO - PALABRAS CLAVES
Palabra clave Temperatura. Energía
653 ## - TÉRMINO INDIZADO - PALABRAS CLAVES
Palabra clave Sangre
653 ## - TÉRMINO INDIZADO - PALABRAS CLAVES
Palabra clave Respiración y el metabolismo ácido-base
653 ## - TÉRMINO INDIZADO - PALABRAS CLAVES
Palabra clave Riñón y el metabolismo hidrosalino
653 ## - TÉRMINO INDIZADO - PALABRAS CLAVES
Palabra clave Estomago, intestino e higado
653 ## - TÉRMINO INDIZADO - PALABRAS CLAVES
Palabra clave Corazón y sistema circulatorio
653 ## - TÉRMINO INDIZADO - PALABRAS CLAVES
Palabra clave Metabolismo
653 ## - TÉRMINO INDIZADO - PALABRAS CLAVES
Palabra clave Hormonas
653 ## - TÉRMINO INDIZADO - PALABRAS CLAVES
Palabra clave Sistema nervioso, músculos y sentidos
700 1# - ENTRADAS SECUNDARIAS - NOMBRE PERSONAL
Nombre personal Lang, Florian
9 (RLIN) 1948
942 ## - ADDED ENTRY ELEMENTS (KOHA)
Source of classification or shelving scheme Dewey Decimal Classification
Item type Libros
Koha issues (borrowed), all copies 2
Existencias
Estado de retiro Existencia Fuente de clasificación Estado general No para prestamo Colección Ubicación permanente ubicación actual Sala de ubicación Fecha de adquisición Costo, precio normal de compra Total Checkouts Total Renewals Número de clasificación Código de barras Date last seen Date last borrowed Número de ejemplar Price effective from Koha tipo de elemento (item) Public note Uso restringido Coded location qualifier
    Dewey Decimal Classification     Reference Biblioteca Medicina Biblioteca Medicina Referencia 07/03/2013 0.00 35 2 616.07 79 SIL 2736 06/08/2025 04/08/2025 ej.1 07/03/2013 Reference LIBRO DE CONSULTA. COMPRA PRESUPUESTO UNC, MARZO 2013    
    Dewey Decimal Classification   Not For Loan   Biblioteca Medicina Biblioteca Medicina Staff Office 07/03/2013 0.00 155 17 616.07 79 SIL 2737 29/04/2024 10/04/2024 ej.2 07/03/2013 Libros Baja. Libro robado a Gonzalo Ulloa Abril 2024. COMPRA PRESUPUESTO UNC, MARZO 2013 Restricted Access  
    Dewey Decimal Classification       Biblioteca Medicina Biblioteca Medicina Circulación 07/03/2013 0.00 176 24 616.07 79 SIL 2738 19/05/2026 14/05/2026 ej.3 07/03/2013 Libros COMPRA PRESUPUESTO UNC, MARZO 2013    

UNIVERSIDAD NACIONAL DEL COMAHUE
Biblioteca de la Facultad de Ciencias Médicas
Sede Toschi: Los Arrayanes y Av. Toschi, Cipolletti  - Rio Negro
Sede Los Tordos:  Yrigoyen al 2211, Cipolletti - Rio Negro 

Teléfono: 0299 - 4774707 int 25
Contacto: biblioteca@facimed.uncoma.edu.ar
© 2011 - 2026